000 00482nam a2200181Ia 4500
003 OSt
005 20260202100825.0
008 210210b1946 xxu||||| |||| 00| 0 eng d
040 _cAL
041 _aKannada
082 _a853/103
100 _aKAILASAM (T P)
_9160862
_dಕೈಲಾಸಂ (ಟಿ ಪಿ)
245 _aTollu gatti:
_bಟೊಳ್ಳು ಗಟ್ಟಿ
260 _aBengaluru
_b-
_c1946
690 _aKannada Drama
_9160863
906 _a019375
942 _2ddc
_cBK
999 _c143495
_d143495